Aplikačné pracovisko snímačov polohy

Salvato in:
Dettagli Bibliografici
Autore principale: Majchrák, Tomáš (Autore)
Altri autori: Šturcel, Ján, 1946- (Relatore della tesi)
Natura: Manoscritto Libro
Lingua:slovacco
Pubblicazione: Bratislava : STU v Bratislave FEI, 2003
Soggetti:
Tags: Aggiungi Tag
Nessun Tag, puoi essere il primo ad aggiungerne!!

MARC

LEADER 00000ntm a22000003a 4500
001 stu80912
005 20150617225641.2
008 030611s2003------------------------slo-d
040 |a STU  |b slo 
041 0 |a slo 
100 1 |a Majchrák, Tomáš  |4 aut  |u E  |T FEI Fakulta elektrotechniky a informatiky  |X 1003002838  |U E  |Y 30  |7 1003002838 
245 1 |a Aplikačné pracovisko snímačov polohy 
260 |a Bratislava :  |b STU v Bratislave FEI,  |c 2003 
300 |a 62 s  |c príl. 
650 7 |a automatizácia  |2 stusub 
700 1 |a Šturcel, Ján,  |d 1946-  |4 ths  |u E1110  |U FEI Ústav robotiky a kybernetiky  |T FEI Automatizácia a regulácia  |X 3714  |U E1110  |Y 57  |7 A000003714